| 000 | 00468nam a2200169Ia 4500 | ||
|---|---|---|---|
| 999 |
_c1546 _d1546 |
||
| 003 | OSt | ||
| 005 | 20211115114440.0 | ||
| 008 | 190216s9999||||xx |||||||||||||| ||und|| | ||
| 040 | _coclc | ||
| 082 |
_a581 _bPAN/T |
||
| 100 |
_aPandey, S N _92549 |
||
| 245 | 0 |
_aA Textbook Of Botany Vol 2 / _cS N Pandey |
|
| 260 |
_bVikas Publishing House, _aNew Delhi: _c2003. |
||
| 300 | _a644p | ||
| 650 | _aBotany | ||
| 942 |
_cBK _2ddc _h581 _iPAN/T _k581 _mPAN/T |
||